000 00274nam a22001217a 4500
008 170613b xxu||||| |||| 00| 0 eng d
041 _aeng
080 _a32
100 _a19
101 _aSHP
245 _aAMERICA IN THE WORLD ECONOMY
_cKINDLEBERGER,CH.P
942 _2udc
_cBK
999 _c17183
_d17183